| 000 | 01282nam a2200373 a 4500 | ||
|---|---|---|---|
| 001 | 000114297 | ||
| 003 | CHAP | ||
| 005 | 20220329144435.0 | ||
| 008 | 171208s2009 ck a |r| |||1|||spa d | ||
| 010 | _a110758 | ||
| 011 | _a111730 | ||
| 020 | _a9789584458599 | ||
| 040 | _cCHAP | ||
| 082 | 0 | 4 |
_a584.930464 _bC95 |
| 100 | 1 |
_aCruz Ríos, Hormilson _9134239 |
|
| 245 | 1 | 0 |
_aBambú-Guadua Guadua angustifolia Kunth : _bbosques naturales en Colombia, plantaciones comerciales en México / _cpor Hormilson Cruz Ríos. |
| 260 |
_aColombia : _bGráficas olimpica, _c2009. |
||
| 300 |
_a691 p. : _bil., gráficas, cuadros. |
||
| 590 |
_aE11695DGD _b10 _c20180111 _lUCH01 _h0849 |
||
| 590 |
_aE6337LMJ _b05 _c20171208 _lUCH01 _h1125 |
||
| 590 |
_aE6337LMJ _b05 _c20171213 _lUCH01 _h1000 |
||
| 590 |
_aE6337LMJ _b05 _c20171213 _lUCH01 _h1354 |
||
| 590 |
_aE6337LMJ _b05 _c20171213 _lUCH01 _h1354 |
||
| 590 |
_aE6337LMJ _b05 _c20171213 _lUCH01 _h1449 |
||
| 590 |
_aE6337LMJ _b05 _c20171213 _lUCH01 _h1450 |
||
| 590 |
_aE6337LMJ _b05 _c20171213 _lUCH01 _h1450 |
||
| 590 |
_aE6337LMJ _b05 _c20171213 _lUCH01 _h1451 |
||
| 650 | 1 | 4 |
_aBambú _xAprovechamiento. _9126305 |
| 650 | 1 | 4 |
_aBambú _xDistribución. _9126307 |
| 650 | 1 | 4 |
_aBambú _xVariedades. _9132954 |
| 901 | _aBK | ||
| 942 | _cLIBRO | ||
| 942 | _n0 | ||
| 999 |
_c110758 _d110758 |
||